[Event "AUTO-ADV-4894"]
[Site "http://www.queenalice.com/game.php?id=1866862"]
[Date "2025.12.10"]
[Round "2"]
[White "Capixabba789"]
[Black "marcoswerneck"]
[Result "1-0"]
[WhiteElo "1862"]
[BlackElo "1912"]

1. d4 d5 2. Nc3 e6 3. f4 Bd6 4. Nf3 Bd7 5. e3 Nf6 6. Bd3 h6 7. O-O a6 8. Ne5
Bxe5 9. fxe5 Ng8 10. Qh5 Qe7 11. Rxf7 Qb4 12. Rxg7+ Kd8 13. Qf7 Qe7 14. Rxg8+
Rxg8 15. Qxg8+ Be8 16. Bd2 Nc6 17. Ne2 Kd7 18. Nf4 Rd8 19. Qg3 Kc8 20. Qg4 Bf7
21. c3 Rg8 22. Qf3 Qg5 23. Bf1 h5 24. e4 h4 25. h3 Nd8 26. exd5 exd5 27. Rd1 Qf5
28. c4 dxc4 29. Qe3 Ne6 30. Nd5 Kd8 31. Bxc4 Ng5 32. Rf1 Qe4 33. Qxe4 Nxe4 34.
Rxf7 Nxd2 35. Bb3 Nf3+ 36. Kf2 Nxd4 37. Rxc7 Nf5 38. Rxb7 Rg3 39. Ra7 Nd4 40.
Bc4 Ke8 41. Bxa6 Rg5 42. Nc7+ Kd8 43. b3 Rxe5 44. Bc4 Rf5+ 45. Ke3 Nc6 46. Ne6+
1-0

[Event "AUTO-ADV-4894"]
[Site "http://www.queenalice.com/game.php?id=1866863"]
[Date "2025.12.10"]
[Round "2"]
[White "marcoswerneck"]
[Black "Capixabba789"]
[Result "0-1"]
[WhiteElo "1947"]
[BlackElo "1881"]

1. e4 e5 2. d3 Nf6 3. a3 Be7 4. h3 d5 5. Be2 dxe4 6. Bg5 Bf5 7. Bxf6 Bxf6 8. Nc3
exd3 9. Bxd3 Bxd3 10. Qxd3 Qxd3 11. cxd3 c6 12. Nge2 Nd7 13. O-O O-O 14. Ne4 Be7
15. b4 f5 16. N4c3 Nf6 17. Rfe1 Nd5 18. Nxd5 cxd5 19. Nc3 Rad8 20. Rxe5 Bf6 21.
Re2 Bxc3 22. Rc1 d4 23. Kh1 Rfe8 24. Rxe8+ Rxe8 25. Kh2 Re2 26. f3 f4 27. Ra1
Bxa1 0-1

[Event "AUTO-ADV-4894"]
[Site "http://www.queenalice.com/game.php?id=1866868"]
[Date "2025.12.10"]
[Round "2"]
[White "marcoswerneck"]
[Black "Daniel1962"]
[Result "0-1"]
[WhiteElo "1899"]
[BlackElo "1770"]

1. e4 c5 2. d3 Nc6 3. Nf3 g6 4. a3 Bg7 5. c3 Nf6 6. Be3 d6 7. Be2 Qb6 8. b4 Qc7
9. bxc5 dxc5 10. Bxc5 Bg4 11. d4 Nxe4 12. Bb4 Nxb4 13. axb4 Nxc3 14. Qc2 Bxf3
15. Qxc3 Qxc3+ 16. Nxc3 Bxg2 17. Rg1 Bxd4 18. Rc1 Bc6 19. b5 Bd7 20. Nd5 Bb6 21.
Nc7+ Bxc7 22. Rxc7 b6 23. Bf3 Rc8 24. Rxc8+ Bxc8 25. Bc6+ Bd7 26. Bxd7+ Kxd7 27.
Ke2 Kd6 28. Rc1 f5 29. Rc6+ Kd7 30. Ke3 e5 31. f4 exf4+ 32. Kxf4 a5 33. Rxb6 Kc7
34. Rf6 Kb7 35. Ra6 Rd8 36. Rxa5 Kb6 37. h4 Kxa5 0-1